| 000 | 01310cab a2200301 4500 | ||
|---|---|---|---|
| 001 | ABS37267 | ||
| 008 | 090401t1986 xxu||||| |||| 00| 0 eng d | ||
| 035 | _a(Sirsi) u3364 | ||
| 041 | _aeng | ||
| 245 | _aSitework | ||
| 260 | _c1986 | ||
| 350 | _a0 | ||
| 490 |
_aBuilding _v251 (51/52) 19/26 December 1986, 49-56 (8) |
||
| 520 | _aA special feature on sitework which outlines the steps which need to be taken when building on secondhand land. 1) Underground clean up. A. McIntyre describes the remedial action needed to reclaim contaminated land . 50-51 (2). 2. Good vibrations. M. Singleton looks at the development of the vibro replacement system for the preparation of derelict sites. 52-53 (2). 3. Doing the groundwork. G. Atkinson examines the problems caused by foundation failures. 54 (1). 4.Unseen pitfalls. E. James stresses the importance of site surveying on poor or unsure ground. 55 (1). 5. Products review. 56 (1). | ||
| 650 | _aCLAY SOILS | ||
| 650 | _aDERELICT LAND | ||
| 650 | _aEXPANSIVE CLAYS | ||
| 650 | _aINNER CITY DEVELOPMENT | ||
| 650 | _aLANDFILL SITES | ||
| 650 | _aMINING AREAS | ||
| 650 | _aSHRINKAGE | ||
| 650 | _aSOIL POLLUTION | ||
| 650 | _aSTRUCTURAL DEFECTS | ||
| 650 | _aSUBSIDENCE | ||
| 690 | _aBUILT ENVIRONMENT | ||
| 942 | _n0 | ||
| 948 | _c04/03/1997 | ||
| 999 |
_c2063 _d2063 |
||